[Energetická bezpečnosť Európskej únie so zameraním na ropu a zemný plyn]

Recenzia na monografiu, ktorej cieľom je hodnotenie významu ropy a zemného plynu pre energetickú politiku krajín EÚ a implikácií, ku ktorým tento stav vedie najmä pre Slovenskú republiku.

Gespeichert in:
Bibliographische Detailangaben
1. Verfasser: Gonda, Vladimír
Format: Buchkapitel
Sprache:Slowakisch
Schlagworte:
Tags: Tag hinzufügen
Keine Tags, Fügen Sie das erste Tag hinzu!

MARC

LEADER 00000naa a2200000 4500
001 0199112
005 20240502073350.7
041 0 |a slo 
044 |a SK 
245 1 0 |a [Energetická bezpečnosť Európskej únie so zameraním na ropu a zemný plyn]  |c Vladimír Gonda 
520 |a Recenzia na monografiu, ktorej cieľom je hodnotenie významu ropy a zemného plynu pre energetickú politiku krajín EÚ a implikácií, ku ktorým tento stav vedie najmä pre Slovenskú republiku. 
610 2 0 |a bezpečnosť energetická 
610 2 0 |a Slovensko 
610 2 0 |a Európska únia 
610 2 0 |a ropa 
610 2 0 |a plyn zemný 
610 2 0 |a recenzie 
100 1 |a Gonda, Vladimír